<?xml version="1.0" encoding="UTF-8"?>
<record
    xmlns:xsi="http://www.w3.org/2001/XMLSchema-instance"
    xsi:schemaLocation="http://www.loc.gov/MARC21/slim http://www.loc.gov/standards/marcxml/schema/MARC21slim.xsd"
    xmlns="http://www.loc.gov/MARC21/slim">

  <leader>00775cam a2200229 i 4500</leader>
  <datafield tag="999" ind1=" " ind2=" ">
    <subfield code="c">329416</subfield>
    <subfield code="d">329416</subfield>
  </datafield>
  <controlfield tag="001">2752207</controlfield>
  <controlfield tag="003">Nust</controlfield>
  <controlfield tag="005">20171023124428.0</controlfield>
  <controlfield tag="008">801009s1977    pk       b    000 0 urdo </controlfield>
  <datafield tag="010" ind1=" " ind2=" ">
    <subfield code="a">   78930237 </subfield>
  </datafield>
  <datafield tag="020" ind1=" " ind2=" ">
    <subfield code="a">969416320X</subfield>
  </datafield>
  <datafield tag="040" ind1=" " ind2=" ">
    <subfield code="a">DLC</subfield>
    <subfield code="c">DLC</subfield>
    <subfield code="d">DLC</subfield>
  </datafield>
  <datafield tag="041" ind1=" " ind2=" ">
    <subfield code="h">urdu</subfield>
  </datafield>
  <datafield tag="043" ind1=" " ind2=" ">
    <subfield code="a">a-pk---</subfield>
  </datafield>
  <datafield tag="050" ind1="0" ind2="0">
    <subfield code="a">PK2199.I65</subfield>
    <subfield code="b">Z74536</subfield>
  </datafield>
  <datafield tag="082" ind1=" " ind2=" ">
    <subfield code="a">891.4304</subfield>
    <subfield code="b">AKH</subfield>
  </datafield>
  <datafield tag="245" ind1="0" ind2="0">
    <subfield code="a">Iqb&#x101;l k&#x101; adab&#x12B; na&#x1E63;bul&#x2BB;ain /</subfield>
    <subfield code="c">murattabah Sal&#x12B;m Ak&#x332;h&#x332;tar.</subfield>
  </datafield>
  <datafield tag="260" ind1=" " ind2=" ">
    <subfield code="a">L&#x101;hore :</subfield>
    <subfield code="b">Shaik&#x332;h&#x332; G&#x332;h&#x332;ul&#x101;m &#x2BB;Al&#x12B;,</subfield>
    <subfield code="c">1977</subfield>
  </datafield>
  <datafield tag="300" ind1=" " ind2=" ">
    <subfield code="a">223 p. ;</subfield>
    <subfield code="c">23 cm.</subfield>
  </datafield>
  <datafield tag="500" ind1=" " ind2=" ">
    <subfield code="a">In Urdu.</subfield>
  </datafield>
  <datafield tag="504" ind1=" " ind2=" ">
    <subfield code="a">Includes bibliographical references.</subfield>
  </datafield>
  <datafield tag="600" ind1="1" ind2="0">
    <subfield code="a">Iqbal, Muhammad,</subfield>
    <subfield code="c">Sir,</subfield>
    <subfield code="d">1877-1938</subfield>
    <subfield code="x">Criticism and interpretation.</subfield>
    <subfield code="9">6</subfield>
  </datafield>
  <datafield tag="700" ind1="0" ind2=" ">
    <subfield code="a">Saleem Akhtar,</subfield>
    <subfield code="d">1934-</subfield>
    <subfield code="9">53</subfield>
  </datafield>
  <datafield tag="880" ind1=" " ind2=" ">
    <subfield code="6">100-01\(3\r</subfield>
    <subfield code="a">&#x645;&#x62D;&#x645;&#x62F; &#x627;&#x642;&#x628;&#x627;&#x644;</subfield>
  </datafield>
  <datafield tag="880" ind1=" " ind2=" ">
    <subfield code="6">245-02\(3\r</subfield>
    <subfield code="a">&#x627;&#x642;&#x628;&#x627;&#x644; &#x6A9;&#x627; &#x627;&#x62F;&#x628;&#x6CC; &#x646;&#x635;&#x628; &#x627;&#x644;&#x639;&#x6CC;&#x646;</subfield>
    <subfield code="c">&#x645;&#x631;&#x62A;&#x628;&#x6C1;: &#x633;&#x644;&#x6CC;&#x645; &#x627;&#x62E;&#x62A;&#x631;</subfield>
  </datafield>
  <datafield tag="880" ind1=" " ind2=" ">
    <subfield code="6">260-03\(3\r</subfield>
    <subfield code="a">&#x644;&#x627;&#x6C1;&#x648;&#x631;:</subfield>
    <subfield code="b">&#x627;&#x642;&#x628;&#x627;&#x644; &#x627;&#x6A9;&#x627;&#x62F;&#x645;&#x6CC; &#x67E;&#x627;&#x6A9;&#x633;&#x62A;&#x627;&#x646;&#x60C;</subfield>
    <subfield code="c">1977</subfield>
  </datafield>
  <datafield tag="906" ind1=" " ind2=" ">
    <subfield code="a">7</subfield>
    <subfield code="b">cbc</subfield>
    <subfield code="c">orignew</subfield>
    <subfield code="d">4</subfield>
    <subfield code="e">ncip</subfield>
    <subfield code="f">19</subfield>
    <subfield code="g">y-gencatlg</subfield>
  </datafield>
  <datafield tag="942" ind1=" " ind2=" ">
    <subfield code="2">ddc</subfield>
    <subfield code="c">BK</subfield>
  </datafield>
  <datafield tag="952" ind1=" " ind2=" ">
    <subfield code="0">0</subfield>
    <subfield code="1">0</subfield>
    <subfield code="2">ddc</subfield>
    <subfield code="4">0</subfield>
    <subfield code="7">0</subfield>
    <subfield code="a">CL</subfield>
    <subfield code="b">CL</subfield>
    <subfield code="c">CART</subfield>
    <subfield code="d">2017-05-05</subfield>
    <subfield code="l">2</subfield>
    <subfield code="o">928.91439 IQB</subfield>
    <subfield code="p">CL2133</subfield>
    <subfield code="r">2022-04-08</subfield>
    <subfield code="s">2022-03-04</subfield>
    <subfield code="t">1</subfield>
    <subfield code="w">2017-05-05</subfield>
    <subfield code="y">BK</subfield>
  </datafield>
</record>
